| 000 | 01068nam a2200277Ia 4500 | ||
|---|---|---|---|
| 008 | 130821s2003 sp a gr spa | ||
| 020 | _a9788436818091 | ||
| 020 | _a9788436818093 | ||
| 040 |
_aCo-BoUCM _bspa |
||
| 041 | 0 | 0 | _aspa |
| 100 | 2 | 0 |
_aAguirre Sádaba, Alfredo _9164980 |
| 245 | 1 | 0 |
_aAdministración de organizaciones en el entorno actual _cAlfredo Aguirre Sádaba, Ana María Castillo Clavero, Dolores Tous Zamora |
| 260 |
_aMadrid (España) _bEdiciones Pirámide _c2003 |
||
| 300 |
_a526 páginas _bcuadros, tablas |
||
| 490 | 0 | _aColección "Economía y empresa" / Miguel Santesmases Mestre. | |
| 504 | _aIncluye bibliografía e índice general. | ||
| 650 | 0 | 4 |
_aAdministración de empresas _9435 |
| 650 | 0 | 4 |
_aCambio organizacional _97360 |
| 650 | 0 | 4 |
_aLiderazgo _918533 |
| 650 | 0 | 4 |
_aMotivación del empleado _919790 |
| 650 | 0 | 4 |
_aTécnicas administrativas _925108 |
| 700 | 1 |
_aCastillo Clavero, Ana MarÍa _9164981 |
|
| 700 | 1 | 0 |
_aTous Zamora, Dolores _9164982 |
| 942 |
_cLIBRO _a16 _e1 _mA284a _2DEWEY _h658 |
||
| 999 |
_c59425 _d59425 |
||